The apostles, their lives and letters. (Record no. 5108)

000 -LEADER
fixed length control field 00566nam a2200181 a 4500
001 - CONTROL NUMBER
control field :::00002849$&:&@@
003 - CONTROL NUMBER IDENTIFIER
control field OkBaRHE
005 - DATE AND TIME OF LATEST TRANSACTION
control field 20000607103257.0
008 - FIXED-LENGTH DATA ELEMENTS--GENERAL INFORMATION
fixed length control field s1895 j 000 0 eng u
040 ## - CATALOGING SOURCE
Transcribing agency
100 1# - MAIN ENTRY--PERSONAL NAME
Personal name Geikie, Cunningham (John Cunningham), 1824-1906.
245 14 - TITLE STATEMENT
Title The apostles, their lives and letters.
260 ## - PUBLICATION, DISTRIBUTION, ETC. (IMPRINT)
Place of publication, distribution, etc New York, NY., :
Name of publisher, distributor, etc James Pott and Co.
Date of publication, distribution, etc c1895
300 ## - PHYSICAL DESCRIPTION
Extent 519 p. ;
Dimensions 20 cm.
650 ## - SUBJECT ADDED ENTRY--TOPICAL TERM
Topical term or geographic name as entry element Apostles
942 ## - ADDED ENTRY ELEMENTS (KOHA)
Source of classification or shelving scheme
Koha item type Books
Copies
Barcode Copy number Koha item type Damaged status Price effective from Shelving location Lost status Source of classification or shelving scheme Not for loan Date acquired Withdrawn status Date last seen Full call number Permanent Location
28491Books 2010-04-14General Stacks   2010-04-14 2018-03-16BS 2440 .G4RHEMA Bible Training College